| 000 | 01363nam a2200325Ia 4500 | ||
|---|---|---|---|
| 005 | 20220317001514.0 | ||
| 008 | 161108s2015 s ao g 000 0 s | ||
| 020 | _a9788498928051 | ||
| 082 | 0 | 4 |
_a153.9 _bS13d |
| 100 | 1 |
_aSagan, Carl _d1934-1996 |
|
| 245 | 1 | 4 |
_aLos dragones del edén _bespeculaciones sobre la evolución de la inteligencia humana _cCarl Sagan ; traducción de Rafael Andreu |
| 250 | _a1a. edición | ||
| 300 |
_a259 páginas _bilustraciones, fotografías en blanco y negro _c23 cm |
||
| 490 | _aDrakontos | ||
| 504 | _aIncluye bibliografía, glosario e índice alfabético al final | ||
| 505 | _aEl calendario cósmico -- Genes y cerebros -- El cerebro y el carro -- El Edén como metáfora. La evolución del hombre -- Las abstracciones de los brutos -- Relatos del oscuro paraíso -- Amantes y locos -- La evolución futura del cerebro -- Nuestro destino | ||
| 534 | _tThe dragon of Eden | ||
| 650 | 1 | 4 |
_2LEMB _aInteligencia |
| 650 | 1 | 4 |
_2LEMB _aPsicología genética |
| 650 | 1 | 4 |
_2LEMB _aEvolución humana |
| 650 | 1 | 4 |
_2LEMB _aMemoria |
| 650 | 1 | 4 |
_2LEMB _aAprendizaje |
| 700 | 1 |
_aAndreu, Rafael _953397 |
|
| 942 |
_2ddc _cBK |
||
| 264 |
_aBarcelona _bCrítica _c2015 |
||
| 336 |
_atexto _btxt _2rdacontent |
||
| 337 |
_asin mediación _bn _2rdamedia |
||
| 338 |
_avolumen _bnc _2rdacarrier |
||
| 040 |
_aCO-BoRNBP _bspa _erda _cCO-BoRNBP |
||
| 999 |
_c7187 _d7187 |
||